000
00321nam a2200121Ia 4500
008
190216s9999||||xx |||||||||||||| ||und||
100
_a
Goldberg L
245
0
_a
Chemistry Shaums Solved Problems 3000 Solved Problems
260
_b
Tata Mcgrawhill Publishers
300
_a
613
650
_a
Chemistry-Chemistry
942
_c
BK
999
_c
2986
_d
2986